Statistiken für Zusammengefügte Länder #2

Klicken Sie hier um das Quiz zu spielen!

Allgemein

  • Dieses Quiz wurde 3.589 mal gespielt
  • Das Durchschnittsergebnis liegt bei 15 aus 20

Antworten auf der Karte

Die Antworten werden auf der Karte rot bzw. grün angezeigt, abhängig davon wie oft sie richtig erraten wurden.
Laden ...
 

Antwortstatistiken

Länder% Korrekt
Spanien
86%
Portugal
86%
China
86%
Österreich
84%
Nordkorea
83%
Thailand
82%
Ungarn
82%
Venezuela
81%
Kolumbien
81%
Myanmar
80%
Indonesien
77%
Papua-Neuguinea
75%
Irak
75%
Saudi-Arabien
74%
Namibia
72%
Botswana
67%
Griechenland
65%
Albanien
64%
Eritrea
60%
Äthiopien
59%

Verteilung der Resultate

Perzentil nach korrekt beantworteten Fragen

Anzahl Personen mit jedem Resultat

Ihre Resultats-Entwicklung

Sie haben dieses Quiz noch nicht gespielt